| 000 | 01910cam a22004332 4500 | ||
|---|---|---|---|
| 001 | 0000004406 | ||
| 005 | 20151217145807.0 | ||
| 008 | 070523s xx 000 0 eng d | ||
| 020 | _cKES 250 | ||
| 040 |
_aKABU _cKABU |
||
| 050 | 0 |
_aQA273.25 _b.R68 2002 |
|
| 100 | 1 |
_aRotich, Andrew M. _@0000160865 |
|
| 245 | 1 | 0 |
_aProbability and statistics : _ba bridging course in mathematics / _cAndrew M. Rotich. |
| 260 |
_aNjoro, Kenya : _bEgerton University (Department of Mathematics), _cc2002. |
||
| 300 | _a50 p. | ||
| 500 | _ac. 27 damaged by water. | ||
| 650 | 0 |
_aMathematics. _@0000148159 |
|
| 908 | _a070523 | ||
| 950 | _@1 | ||
| 999 |
_c2662 _d2662 |
||